000 00342nam a2200157Ia 4500
008 221030s9999 xx 000 0 und d
020 _a8172245971
041 _aEnglish
082 _a105.23
_bCor
100 _aD. Cornish
245 4 _aThe team quiz book
260 _bJaico Pub
_c1997
300 _a125
650 _aGeneral
942 _cBK
999 _c1251
_d1251